| 000 | 00701nam a2200229 a 4500 | ||
|---|---|---|---|
| 001 | BRCA_6454 | ||
| 005 | 20190320205448.0 | ||
| 008 | 240911s1930----nyu#######---#000-0#eng-# | ||
| 041 | _aeng | ||
| 044 | _anyu | ||
| 050 | 4 |
_aNK4340 _b.M63 1930 |
|
| 245 | 1 | 0 | _aModern Talavera pottery in the collection of the Hispanic Society of America |
| 260 |
_aNueva York _bThe Hispanic Society of America _c1930 |
||
| 300 |
_a[10] p. _bil. _c19 cm. |
||
| 500 | _aM57 | ||
| 650 | 1 | 4 |
_aTalavera, Cerámica de _97239 |
| 650 | 1 | 4 |
_aCerámica española _91422 |
| 650 | 1 | 4 |
_aGalerias y Museos _zEstados Unidos de Norteamerica _916122 |
| 710 | 2 |
_aHispanic Society of America _916123 |
|
| 902 | _aGFM | ||
| 942 |
_2lcc _cB |
||
| 999 |
_c6138 _d6138 |
||